Geographie Quiz - Multiple Choice #2 - Statistiken

Allgemein
  • Dieses Quiz wurde 1.181 mal gespielt
  • Das Durchschnittsergebnis liegt bei 9 aus 15
Antwortstatistiken
Frage Antwort % Korrekt
Welches Gebirge trennt Europa und Asien? Ural
89%
Welcher ist der größte und tiefste Ozean der Welt? Pazifischer Ozean
85%
Mauritius gehört zu ... Afrika
77%
Wie groß ist der Erdumfang am Äquator? 40.000 km
72%
Welche Insel gehört nicht zu den Antillen? die Seychellen
69%
Gibraltar gehört immer noch zu ... Vereinigtes Königreich
69%
Wie viele Menschen leben in China? 1,3 Milliarden
68%
Worin mündet der Rhein? Nordsee
63%
Wie heißt die Hauptstadt des US-Bundesstaates Texas? Austin
57%
Goa ist ein Bundestaat in ... Indien
55%
Aus welchem Gestein besteht die "Schwäbische Alb" vorwiegend? Kalk
49%
Welches Kfz-Kennzeichen hat Monaco? MC
43%
Was sieht man auf Singapurs Flagge? Halbmond und fünf Sterne
34%
Welcher Fluss fließt durch Brasilien? Uruguai
27%
Welcher Form hat die Stadt Brasilia von oben gesehen? Die von... einem Flugzeug
15%
Keine übereinstimmenden Quizze gefunden
Verteilung der Resultate
Anzahl Personen mit jedem Resultat
Perzentil nach korrekt beantworteten Fragen
Ihre Resultats-Entwicklung
Sie haben dieses Quiz noch nicht gespielt